000 00413nam a2200145Ia 4500
008 230917s9999||||xx |||||||||||||| ||und||
040 _e41650
_aMAIN
041 _aEnglish
082 _a813.09 H383V
100 _aHenderson, Herry B
245 0 _aVersions of the past: The historical imagination in American fiction
260 _aNew York
_bOxford University Press
_c1974
300 _axx, 344 p.
942 _cBK
999 _c182126
_d182126